<?xml version="1.0" encoding="UTF-8"?>
<record
    xmlns:xsi="http://www.w3.org/2001/XMLSchema-instance"
    xsi:schemaLocation="http://www.loc.gov/MARC21/slim http://www.loc.gov/standards/marcxml/schema/MARC21slim.xsd"
    xmlns="http://www.loc.gov/MARC21/slim">

  <leader>00333nam a22001097a 4500</leader>
  <controlfield tag="008">200319b           ||||| |||| 00| 0 eng d</controlfield>
  <datafield tag="020" ind1=" " ind2=" ">
    <subfield code="6">9788185731771</subfield>
  </datafield>
  <datafield tag="100" ind1=" " ind2=" ">
    <subfield code="a">Singh, Harkishan and Kapoor, V. K. </subfield>
  </datafield>
  <datafield tag="245" ind1=" " ind2=" ">
    <subfield code="a">Medicinal and Pharmaceutical Chemistry</subfield>
    <subfield code="h">English</subfield>
    <subfield code="n">Pg. 854</subfield>
  </datafield>
  <datafield tag="250" ind1=" " ind2=" ">
    <subfield code="a">3rd (2019)</subfield>
  </datafield>
  <datafield tag="260" ind1=" " ind2=" ">
    <subfield code="a">New Delhi</subfield>
    <subfield code="b">Vallabh Prakashan</subfield>
  </datafield>
  <datafield tag="999" ind1=" " ind2=" ">
    <subfield code="c">8594</subfield>
    <subfield code="d">8594</subfield>
  </datafield>
  <datafield tag="952" ind1=" " ind2=" ">
    <subfield code="0">0</subfield>
    <subfield code="1">0</subfield>
    <subfield code="2">ddc</subfield>
    <subfield code="4">0</subfield>
    <subfield code="7">0</subfield>
    <subfield code="8">BP</subfield>
    <subfield code="9">63186</subfield>
    <subfield code="a">PIET</subfield>
    <subfield code="b">PIET</subfield>
    <subfield code="d">2023-10-13</subfield>
    <subfield code="e">KIRTI PRAKSHAN</subfield>
    <subfield code="f">RUPEES</subfield>
    <subfield code="g">900.00</subfield>
    <subfield code="k">IN-1041</subfield>
    <subfield code="l">0</subfield>
    <subfield code="p">BP2208</subfield>
    <subfield code="r">2023-10-17 00:00:00</subfield>
    <subfield code="v">747.00</subfield>
    <subfield code="w">2023-10-05</subfield>
    <subfield code="y">BK</subfield>
  </datafield>
  <datafield tag="952" ind1=" " ind2=" ">
    <subfield code="0">0</subfield>
    <subfield code="1">0</subfield>
    <subfield code="2">ddc</subfield>
    <subfield code="4">0</subfield>
    <subfield code="7">0</subfield>
    <subfield code="8">BP</subfield>
    <subfield code="9">63187</subfield>
    <subfield code="a">PIET</subfield>
    <subfield code="b">PIET</subfield>
    <subfield code="d">2023-10-13</subfield>
    <subfield code="e">KIRTI PRAKSHAN</subfield>
    <subfield code="f">RUPEES</subfield>
    <subfield code="g">900.00</subfield>
    <subfield code="k">IN-1041</subfield>
    <subfield code="l">0</subfield>
    <subfield code="p">BP2209</subfield>
    <subfield code="r">2023-10-17 00:00:00</subfield>
    <subfield code="v">747.00</subfield>
    <subfield code="w">2023-10-05</subfield>
    <subfield code="y">BK</subfield>
  </datafield>
  <datafield tag="952" ind1=" " ind2=" ">
    <subfield code="0">0</subfield>
    <subfield code="1">0</subfield>
    <subfield code="2">ddc</subfield>
    <subfield code="4">0</subfield>
    <subfield code="7">0</subfield>
    <subfield code="8">BP</subfield>
    <subfield code="9">63188</subfield>
    <subfield code="a">PIET</subfield>
    <subfield code="b">PIET</subfield>
    <subfield code="d">2023-10-13</subfield>
    <subfield code="e">KIRTI PRAKSHAN</subfield>
    <subfield code="f">RUPEES</subfield>
    <subfield code="g">900.00</subfield>
    <subfield code="k">IN-1041</subfield>
    <subfield code="l">1</subfield>
    <subfield code="p">BP2210</subfield>
    <subfield code="r">2025-03-31 00:00:00</subfield>
    <subfield code="s">2025-03-25</subfield>
    <subfield code="v">747.00</subfield>
    <subfield code="w">2023-10-05</subfield>
    <subfield code="y">BK</subfield>
  </datafield>
  <datafield tag="952" ind1=" " ind2=" ">
    <subfield code="0">0</subfield>
    <subfield code="1">0</subfield>
    <subfield code="2">ddc</subfield>
    <subfield code="4">0</subfield>
    <subfield code="7">0</subfield>
    <subfield code="8">BP</subfield>
    <subfield code="9">63189</subfield>
    <subfield code="a">PIET</subfield>
    <subfield code="b">PIET</subfield>
    <subfield code="d">2023-10-13</subfield>
    <subfield code="e">KIRTI PRAKSHAN</subfield>
    <subfield code="f">RUPEES</subfield>
    <subfield code="g">900.00</subfield>
    <subfield code="k">IN-1041</subfield>
    <subfield code="l">0</subfield>
    <subfield code="p">BP2211</subfield>
    <subfield code="r">2023-10-17 00:00:00</subfield>
    <subfield code="v">747.00</subfield>
    <subfield code="w">2023-10-05</subfield>
    <subfield code="y">BK</subfield>
  </datafield>
  <datafield tag="952" ind1=" " ind2=" ">
    <subfield code="0">0</subfield>
    <subfield code="1">0</subfield>
    <subfield code="2">ddc</subfield>
    <subfield code="4">0</subfield>
    <subfield code="7">0</subfield>
    <subfield code="8">BP</subfield>
    <subfield code="9">63190</subfield>
    <subfield code="a">PIET</subfield>
    <subfield code="b">PIET</subfield>
    <subfield code="d">2023-10-13</subfield>
    <subfield code="e">KIRTI PRAKSHAN</subfield>
    <subfield code="f">RUPEES</subfield>
    <subfield code="g">900.00</subfield>
    <subfield code="k">IN-1041</subfield>
    <subfield code="l">0</subfield>
    <subfield code="p">BP2212</subfield>
    <subfield code="r">2023-10-17 00:00:00</subfield>
    <subfield code="v">747.00</subfield>
    <subfield code="w">2023-10-05</subfield>
    <subfield code="y">BK</subfield>
  </datafield>
</record>
